<?xml version="1.0" encoding="UTF-8"?><?xml-stylesheet type="text/xsl" href="static/style.xsl"?><OAI-PMH xmlns="http://www.openarchives.org/OAI/2.0/" xmlns:xsi="http://www.w3.org/2001/XMLSchema-instance" xsi:schemaLocation="http://www.openarchives.org/OAI/2.0/ http://www.openarchives.org/OAI/2.0/OAI-PMH.xsd"><responseDate>2026-04-30T05:08:28Z</responseDate><request verb="GetRecord" identifier="oai:riubu.ubu.es:10259/6605" metadataPrefix="marc">https://riubu.ubu.es/oai/request</request><GetRecord><record><header><identifier>oai:riubu.ubu.es:10259/6605</identifier><datestamp>2023-04-19T22:42:19Z</datestamp><setSpec>com_10259.4_103</setSpec><setSpec>com_10259.4_1</setSpec><setSpec>com_10259_2604</setSpec><setSpec>col_10259_6596</setSpec></header><metadata><record xmlns="http://www.loc.gov/MARC21/slim" xmlns:doc="http://www.lyncode.com/xoai" xmlns:xsi="http://www.w3.org/2001/XMLSchema-instance" xmlns:dcterms="http://purl.org/dc/terms/" xsi:schemaLocation="http://www.loc.gov/MARC21/slim http://www.loc.gov/standards/marcxml/schema/MARC21slim.xsd">
<leader>00925njm 22002777a 4500</leader>
<datafield tag="042" ind1=" " ind2=" ">
<subfield code="a">dc</subfield>
</datafield>
<datafield tag="720" ind1=" " ind2=" ">
<subfield code="a">Jabato Dehesa, María Jesús</subfield>
<subfield code="e">author</subfield>
</datafield>
<datafield tag="260" ind1=" " ind2=" ">
<subfield code="c">2020</subfield>
</datafield>
<datafield tag="520" ind1=" " ind2=" ">
<subfield code="a">La tercera serie de los Episodios Nacionales, de Benito&#xd;
Pérez Galdós (1843–1920), protagonizada por el romántico Fernando&#xd;
Calpena, se desarrolla en el escenario fratricida de la primera&#xd;
guerra carlista y la regencia de María Cristina y concluye en el&#xd;
tiempo histórico de la boda de Isabel II con Francisco de Asís de&#xd;
Borbón. El escritor canario alude en ella a Burgos y su provincia, en&#xd;
especial a Villarcayo, epicentro geográfico de la novela La estafeta&#xd;
romántica.</subfield>
</datafield>
<datafield tag="520" ind1=" " ind2=" ">
<subfield code="a">The third series of the National Episodes, by Benito&#xd;
Pérez Galdós (1843-1920), starring the romantic Fernando Calpena,&#xd;
is developed in the fratricidal scenario of the first carlist war and the&#xd;
regency of María Cristina. It ends in the historic era of the wedding&#xd;
of Isabel II and Francisco de Asís de Borbón. The Canarian writer&#xd;
mentions Burgos and its province, specially Villarcayo, geographic&#xd;
epicenter of the novel La estafeta romántica (The romantic post&#xd;
office).</subfield>
</datafield>
<datafield tag="024" ind2=" " ind1="8">
<subfield code="a">0211-8998</subfield>
</datafield>
<datafield tag="024" ind2=" " ind1="8">
<subfield code="a">http://hdl.handle.net/10259/6605</subfield>
</datafield>
<datafield ind1=" " ind2=" " tag="653">
<subfield code="a">Burgos</subfield>
</datafield>
<datafield ind1=" " ind2=" " tag="653">
<subfield code="a">Benito Pérez Galdós</subfield>
</datafield>
<datafield ind1=" " ind2=" " tag="653">
<subfield code="a">Episodios Nacionales</subfield>
</datafield>
<datafield ind1=" " ind2=" " tag="653">
<subfield code="a">National Episodes</subfield>
</datafield>
<datafield tag="245" ind1="0" ind2="0">
<subfield code="a">Alusiones a Burgos y provincia en la tercera serie de los "Episodios Nacionales", de Benito Pérez Galdós</subfield>
</datafield>
</record></metadata></record></GetRecord></OAI-PMH>